Statystyki dla Najważniejsze uprawy podstawowe na świecie

Kliknij tutaj aby rozwiązać quiz!

Ogólne statystyki

  • Ten quiz został rozwiązany 122 razy
  • Średni wynik to 5 z 10

Statystyki odpowiedzi

%Żywność podstawowa% Poprawnych
15.0%Pszenica
93%
16.5%Ryż
82%
1.7%Ziemniak
82%
19.5%Kukurydza
79%
0.6%Batat
39%
2.1%Soja
34%
2.6%Maniok
31%
0.3%Banan
29%
1.2%Sorgo
29%
0.4%Pochrzyn
1%

Rozkład punktacji

Percentyl według liczby udzielonych odpowiedzi

Procent ludzi z każdym wynikiem

Twoja historia wyników

Nie rozwiązałeś tego quizu